|
|
|
|
| LEADER |
00000nab a2200000 a 4500 |
| 001 |
vtls000814914 |
| 003 |
SK-MaSNL |
| 005 |
20260319074834.0 |
| 008 |
140429c2002 xo 0 eng |
| 015 |
|
|
|a SNBRB2002/11-37288
|
| 035 |
|
|
|a CLN000166569
|
| 040 |
|
|
|a SNKBUCL
|b slo
|c SNKBUCL
|e AACR2
|
| 041 |
0 |
|
|a eng
|
| 044 |
|
|
|a xo
|c SK
|
| 080 |
|
|
|a 674.038.6.017:665.93
|2 1997
|
| 080 |
|
|
|a 665.93
|2 1997
|
| 100 |
1 |
|
|a Zemiar, Ján,
|d 1945-
|4 aut
|9 105912
|
| 245 |
1 |
4 |
|a The shape stability of formed laminated wood
|c Jan Zemiar, Peter Choma
|
| 300 |
|
|
|b Obr.
|
| 504 |
|
|
|a Res. angl., nem., rus., slov.
|
| 504 |
|
|
|a Bibliogr. odkazy
|
| 650 |
0 |
7 |
|a drevo lamelové
|x stabilita tvarová
|x ohrev
|x lepidlá
|2 snkbucl
|9 843467
|
| 650 |
0 |
7 |
|a stabilita tvarová
|2 snkbucl
|9 843468
|
| 650 |
0 |
7 |
|a ohrev
|2 snkbucl
|9 496010
|
| 650 |
0 |
7 |
|a lepidlá
|2 snkbucl
|9 3612
|
| 655 |
|
7 |
|a články z novín a časopisov
|2 snkbucl
|9 267496
|
| 700 |
1 |
|
|a Choma, Peter
|4 aut
|9 843469
|
| 773 |
0 |
|
|t Wood research
|g Roč. 47, č. 2 (2002), s. 35-43
|x 0012-6136
|
| 850 |
|
|
|a Slovenská národná knižnica v Martine
|
| 852 |
|
|
|a SNK
|b KIS3GCP
|
| 958 |
|
|
|a NB
|
| 992 |
|
|
|a RBX
|
| 999 |
|
|
|c 1360370
|d 1362300
|